| 000 | 00630nam a22002177a 4500 | ||
|---|---|---|---|
| 005 | 20240314133620.0 | ||
| 008 | 240314b |||||||| |||| 00| 0 eng d | ||
| 020 | _a9781455726134 | ||
| 082 |
_a616.07 _bKUM-R |
||
| 100 | _aKumar Vinay, | ||
| 245 |
_aRobbins & Cotran Pathologic Basis of Disease / _cVinay Kumar, Abdul K. Abbas, John C. Aster |
||
| 250 | _aSouth asia edition. | ||
| 260 |
_aIndia: _bElsevier; _c2014. |
||
| 300 |
_aix ;1391p. : _bill ; _c27.5 cm. |
||
| 490 | _vvol, 2; | ||
| 500 | _ainclude index. | ||
| 650 | _aMedical / Pathology | ||
| 700 | _a Abdul K. Abbas | ||
| 700 | _aJohn C. Aster | ||
| 999 |
_c35382 _d35382 |
||